| Tag |
First Indicator |
Second Indicator |
Subfields |
| LEADER |
00000cam a2200000Mi 4500 |
| 001 |
in00005498921 |
| 006 |
m o d |
| 007 |
cr ||||||||||| |
| 008 |
201221s2021 enka fob 001 0 eng d |
| 005 |
20240923171928.2 |
| 035 |
|
|
|a (OCoLC)on1228917259
|
| 040 |
|
|
|a SGPBL
|b eng
|e rda
|e pn
|c SGPBL
|d OCLCO
|d OCLCF
|d OCLCO
|
| 020 |
|
|
|a 9781529767605
|q (ebook)
|
| 020 |
|
|
|a 1529767601
|
| 035 |
|
|
|a (OCoLC)1228917259
|
| 050 |
|
4 |
|a HG4028.M4
|b S86 2021
|
| 082 |
0 |
4 |
|a 658.162
|
| 049 |
|
|
|a TXAM
|
| 100 |
1 |
|
|a Sun, Jiachen,
|e author.
|
| 245 |
1 |
0 |
|a Will Disney's acquisition of 21st Century Fox boost its stock price? /
|c Jiachen Sun.
|
| 264 |
|
1 |
|a London :
|b SAGE Publications: SAGE Business Cases Originals,
|c 2021.
|
| 300 |
|
|
|a 1 online resource :
|b illustrations.
|
| 336 |
|
|
|a text
|b txt
|2 rdacontent
|
| 337 |
|
|
|a computer
|b c
|2 rdamedia
|
| 338 |
|
|
|a online resource
|b cr
|2 rdacarrier
|
| 490 |
0 |
|
|a SAGE business cases
|
| 504 |
|
|
|a Includes bibliographical references and index.
|
| 520 |
8 |
|
|a On March 20, 2019, the Walt Disney Company purchased 21st Century Fox. The acquisition includes 21st Century Fox's film production divisions such as Twentieth Century Fox, Fox Searchlight Pictures, Fox 2000 Pictures, Fox Family, and Fox Animation as well as Fox's interests in streaming services like Hulu. The acquisition is part of Disney's strategic initiatives to provide more appealing high-quality content and entertainment options to meet growing consumer demand; increase its international footprint; and expand its direct-to-consumer offerings, which include ESPN+ for sports fans and the highly anticipated Disney+ streaming video-on-demand service launching in late 2019. In this case, students will analyze Disney's value using a variety of methods as well as determine the risks and opportunities of the acquisition.
|
| 588 |
|
|
|a Description based on XML content.
|
| 610 |
2 |
0 |
|a Walt Disney Company
|x Finance
|v Case studies.
|
| 610 |
2 |
0 |
|a Twentieth Century-Fox Film Corporation
|v Case studies.
|
| 610 |
2 |
7 |
|a Twentieth Century-Fox Film Corporation.
|2 fast
|0 (OCoLC)fst00528537
|
| 610 |
2 |
7 |
|a Walt Disney Company.
|2 fast
|0 (OCoLC)fst00622498
|
| 650 |
|
0 |
|a Consolidation and merger of corporations
|v Case studies.
|
| 650 |
|
6 |
|a Entreprises
|x Fusion
|v Études de cas.
|
| 650 |
|
7 |
|a Consolidation and merger of corporations.
|2 fast
|0 (OCoLC)fst00875660
|
| 650 |
|
7 |
|a Finance.
|2 fast
|0 (OCoLC)fst00924349
|
| 655 |
|
7 |
|a Electronic books.
|2 local
|
| 655 |
|
7 |
|a Case studies.
|2 fast
|0 (OCoLC)fst01423765
|
| 856 |
4 |
0 |
|u http://proxy.library.tamu.edu/login?url=https://sk.sagepub.com/cases/will-disneys-acquisition-of-21st-century-fox-boost-its-stock-price
|z Connect to the full text of this electronic book
|t 0
|
| 955 |
|
|
|a SAGE eBooks
|
| 955 |
|
|
|a SAGE Business Cases 2021 Annual Collection
|
| 994 |
|
|
|a 92
|b TXA
|
| 999 |
f |
f |
|s a60aa4e0-44bd-4462-9e0d-bd4437954516
|i bcc03042-dead-4a87-acef-4f7e1f5eaae7
|t 0
|
| 952 |
f |
f |
|a Texas A&M University
|b College Station
|c Electronic Resources
|d Available Online
|t 0
|e HG4028.M4 S86 2021
|h Library of Congress classification
|
| 998 |
f |
f |
|a HG4028.M4 S86 2021
|t 0
|l Available Online
|